000 00681nam a2200289Ia 4500
005 20260324111952.0
008 008 260324s9999 xx 000 0 eng d
020 _a9781003586791
037 _aEBOOK
040 _aCRL
040 _beng
040 _cCRL
041 _2eng
041 _aeng
084 _qCRL
100 _aAvijit Mistri; MD SELIM REJA; Bhaswati Das
_91140762
245 0 _aMigration Studies
245 4 _bThe Fundamentals
260 _bTaylor and Francis
260 _c2025
365 _a
365 _b230
856 _uhttp://www.taylorfrancis.com/books/9781003586791
942 _cEBOOK
999 _c1729776
_d1729776